000
00365nam a2200133Ia 4500
008
230411s9999 xx 000 0 und d
041
_a
eng
082
_a
F/610.73069/BOA/B02630
100
_a
Board of Nursing Education
245
_a
New Textbook for Nurses in India
260
_b
B I Publications
_a
New Delhi
_c
2004
300
_a
443p
999
_c
153787
_d
153787